• 首页
  • 本馆介绍
  • 公告通知
  • 最新文献
  • 馆藏检索
  • 电子资源
  • 读者导购
  • 参考咨询
  • 我的图书馆
  • 登录
  • 详细信息显示
  • 放入我的书架
  • 预约/预借图书
  • 作者相关作品
  • 分类相关作品
  • 丛书相关作品
  • 出版社相关作品

书目信息

  • 表格格式
  • 工作单格式
  • 卡片格式
题名:
好品格决定好未来
    
 
作者: 江晖 主编
分册:  
出版信息: 北京   中国轻工业出版社  2011.01
页数: 207页
开本: 20cm
丛书名:
单 册:
中图分类: D432.62
科图分类:
主题词: 青年运动 , 青年组织 , 学生运动 , 学生组织
电子资源:
ISBN: 7-5019-7881-6
000 00652nam0 2200229 450
001 2635315930
005 20260407095012.96
010    @a7-5019-7881-6@dCNY29.80
100    @a20260407d2011 km y0chiy0120 ea
101 0  @achi
102    @aCN@b110000
200 1  @a好品格决定好未来@AHao Pin Ge Jue Ding Hao Wei Lai@f江晖主编@FJiang Hui Zhu Bian
210    @a北京@c中国轻工业出版社@d2011.01
215    @a207页@d20cm
606 0  @a青年运动
606 0  @a青年组织
606 0  @a学生运动
606 0  @a学生组织
690    @aD432.62@v4
701  0 @a江晖@AJiang Hui@4主编
801  0 @aCN@b大连网信软件有限公司图书馆·11@c20260407
905    @aZUCC@dD432.62@e255
    
    好品格决定好未来/江晖主编.-北京:中国轻工业出版社,2011.01
    207页;20cm
    
    
    ISBN 7-5019-7881-6:CNY29.80
    
●
相关链接 在E读中查询图书 在五车中查询图书 在当当中查询图书 在豆瓣中查询图书


正题名:好品格决定好未来     索取号:D432.62/255         预约/预借

序号 登录号 条形码 馆藏地/架位号 状态 备注
1 1442501   214425013   第一样本阅览室/ [索取号:D432.62/255] 在馆    
唐山师范学院图书馆 欢迎您!
大连网信软件有限公司© 版权所有